Bulharská republika, Rumunsko

Stručná informácia o tom ako sa orientovať a kde hľadať pred vstupom na bulharský a rumunský zahraničný trh.

Guardado en:
Detalles Bibliográficos
Autor principal: Novoveská, Saša
Formato: Capítulo de libro
Lenguaje:eslovaco
Materias:
Etiquetas: Agregar Etiqueta
Sin Etiquetas, Sea el primero en etiquetar este registro!

MARC

LEADER 00000naa$a2200000$$$4500
001 0053116
005 20231006122034.2
041 0 |a slo 
044 |a SK 
245 1 0 |a Bulharská republika, Rumunsko  |c Saša Novoveská 
520 |a Stručná informácia o tom ako sa orientovať a kde hľadať pred vstupom na bulharský a rumunský zahraničný trh. 
610 2 0 |a trh zahraničný 
610 2 0 |a informácie geografické 
610 2 0 |a informácie faktografické 
610 2 0 |a podnikanie 
610 2 0 |a podnikatelia 
610 2 0 |a Rumunsko 
610 2 0 |a Bulharsko 
100 1 |a Novoveská, Saša